000 00895nam a2200217Ia 4500
003 GCL
005 20240530104807.0
008 140319s9999 xx 000 0 ara d
040 _aGCL /
_cGCL
082 0 4 _a301
_bخ م
100 1 _aابن خلدون ، ولى الدين ابوزيد عبدالرحمن بن محمد بن محمد بن محمد الاشبيلى
245 1 0 _aالمختار من مقدمة ابن خلدون /
_cابن خلدون ، ولى الدين ابوزيد عبدالرحمن بن محمد بن محمد بن محمد الاشبيلى ؛ اعداد محمد عنانى
300 _a185 ص
490 _aمكتبة الاسرة
_v0
650 0 4 _aابن خلدون
650 0 4 _aالعلوم عند العرب
650 0 4 _aالحضارة الاسلامية
650 0 4 _aالاجتماع، علم
700 0 _aمحمد عنانى
_eمعد
942 _2ddc
_cBK
999 _c50715
_d50715